Catálogo - Centro de Recursos para el Aprendizaje y la Investigación

Volver al Sitio - CRAI Biblioteca

Deliberate practice in psychodynamic psychotherapy (Registro nro. 113994)

Detalles MARC
000 -CABECERA
campo de control de longitud fija 01331nam#a2200301 4500
001 - NÚMERO DE CONTROL
campo de control 113994
003 - IDENTIFICADOR DEL NÚMERO DE CONTROL
campo de control DR-UNIBE
005 - FECHA Y HORA DE LA ÚLTIMA TRANSACCIÓN
campo de control 20250731150421.0
008 - DATOS DE LONGITUD FIJA--INFORMACIÓN GENERAL
campo de control de longitud fija 250731s2023 xxu s 0 eng d
020 ## - NÚMERO INTERNACIONAL ESTÁNDAR DEL LIBRO
Número Internacional Estándar del Libro 9781433841033 (electrónico)
040 ## - FUENTE DE LA CATALOGACIÓN
Centro catalogador/agencia de origen BIBLIOTECA UNIBE
Centro/agencia transcriptor BIBLIOTECA UNIBE
Normas de descripción rda
041 ## - CÓDIGO DE LENGUA
Código de lengua del texto/banda sonora o título independiente eng
100 1# - ENTRADA PRINCIPAL--NOMBRE DE PERSONA
Nombre de persona Levenson, Hanna
Término indicativo de función/relación autor
9 (RLIN) 198084
100 1# - ENTRADA PRINCIPAL--NOMBRE DE PERSONA
Nombre de persona Gay, Volney P.
Término indicativo de función/relación autor
9 (RLIN) 198079
100 1# - ENTRADA PRINCIPAL--NOMBRE DE PERSONA
Nombre de persona Binder, Jeffrey L.
Término indicativo de función/relación autor
9 (RLIN) 198080
245 13 - MENCIÓN DE TÍTULO
Título Deliberate practice in psychodynamic psychotherapy
260 ## - PUBLICACIÓN, DISTRIBUCIÓN, ETC.
Lugar de publicación, distribución, etc. Washington, DC :
Nombre del editor, distribuidor, etc. American Psychological Association,
Fecha de publicación, distribución, etc. 2023
300 ## - DESCRIPCIÓN FÍSICA
Extensión xv, 279 páginas :
Otras características físicas ilustraciones
490 ## - MENCIÓN DE SERIE
Mención de serie Essentials of deliberate practice series
500 ## - NOTA GENERAL
Nota general Recurso en línea: Disponible para miembros de UNIBE a través del portal web del CRAI: https://www.unibe.edu.do/biblioteca/libros-electronicos/
505 ## - NOTA DE CONTENIDO CON FORMATO
Nota de contenido con formato PART I. OVERVIEW AND INSTRUCTIONS |<br/>PART II. DELIBERATE PRACTICE EXERCISES FOR PSYCHODYNAMIC THERAPY SKILLS |<br/>PART III. STRATEGIES FOR ENHANCING THE DELIBERATE PRACTICE EXERCISES |
650 #7 - PUNTO DE ACCESO ADICIONAL DE MATERIA--TÉRMINO DE MATERIA
Término de materia o nombre geográfico como elemento de entrada Psicoterapia
Fuente del encabezamiento o término lemb
650 #7 - PUNTO DE ACCESO ADICIONAL DE MATERIA--TÉRMINO DE MATERIA
Término de materia o nombre geográfico como elemento de entrada Psicología
Fuente del encabezamiento o término lemb
653 00 - TÉRMINO DE INDIZACIÓN--NO CONTROLADO
Término no controlado Formación de psicoterapeutas
655 ## - TÉRMINO DE INDIZACIÓN--GÉNERO/FORMA
Datos o término principal de género/forma Recurso electrónico
9 (RLIN) 42681
856 40 - LOCALIZACIÓN Y ACCESO ELECTRÓNICOS
Identificador Uniforme del Recurso <a href="https://ebookcentral.proquest.com/lib/unibedr/detail.action?docID=29447536">https://ebookcentral.proquest.com/lib/unibedr/detail.action?docID=29447536</a>
942 ## - ELEMENTOS DE PUNTO DE ACCESO ADICIONAL (KOHA)
Fuente del sistema de clasificación o colocación Sistema de Clasificación Decimal Dewey
Tipo de ítem Koha e-Libro (en línea)
Existencias
Estado de retiro Estado de pérdida Fuente del sistema de clasificación o colocación No para préstamo Código de colección Localización permanente Fecha de adquisición Total de préstamos Código de barras Fecha visto por última vez Número de copia Precio válido a partir de Tipo de ítem Koha
  Disponible Sistema de Clasificación Decimal Dewey   e-Libro de Texto (en línea) Biblioteca Central UNIBE 31/07/2025   EB0497 31/07/2025 1 copia 31/07/2025 e-Libro (en línea)